00318pab a2200121 454500008004000000100001900040245006000059260000900119300001600128362001000144650002200154773002000176180718b2004 xxu||||| |||| 00| 0 eng d aYeole, Cima M. aPerformance management and teacher education programmes c2004 ap.13-14,27. a8 Mar aTeacher education aUniversity News